000 00261nam a2200109Ia 4500
008 190216s9999||||xx |||||||||||||| ||und||
100 _aDr.Abdul Gafoor P K
245 0 _aRogangalum Rogigalum
260 _bNbs Kottayam
650 _aEssay Malayalam
942 _cBK
999 _c25193
_d25193